| 000 | 01208nam a22003377a 4500 | ||
|---|---|---|---|
| 003 | CHAP | ||
| 005 | 20220329143053.0 | ||
| 008 | 051201d2004 mx r 00110 spa d | ||
| 010 | _a91486 | ||
| 011 | _a92458 | ||
| 035 | _a103022 | ||
| 040 | _cCHAP | ||
| 090 | _aTesis | ||
| 100 | 0 | 0 |
_aAbraján Jorge, Zenón. _9300 |
| 245 | 1 | 0 |
_aEstudio y control de la antracnosis Colletrotrichum acutatum Simmonds en el cultivo del limón mexicano, en Valle del Río, Guerrero _c/por Zenón Abraján Jorge |
| 260 |
_aCocula, Gro. : _bEl autor, _c2004. |
||
| 300 |
_a54 h. : _bilus. ; gráfs. |
||
| 502 | _aTesis (Ing. Agr. Fitotecnista) -- Colegio Superior Agropecuario del Estado de Guerrero | ||
| 590 |
_aALEPH _b10 _c20130110 _lUCH01 _h1508 |
||
| 590 |
_aBATCH-UPD _b10 _c20130110 _lUCH01 _h0803 |
||
| 590 |
_aBATCH-UPD _b10 _c20130410 _lUCH01 _h0441 |
||
| 590 |
_aBATCH-UPD _b10 _c20130913 _lUCH01 _h1845 |
||
| 590 |
_aCONVERSION _b10 _c20130109 _lUCH01 _h1351 |
||
| 650 | 1 | 4 |
_aColletotrichum. _925250 |
| 650 | 1 | 4 |
_aLimón _xEnfermedades. _966825 |
| 650 | 1 | 4 |
_aLimón _xGuerrero. _966832 |
| 901 | _aBK | ||
| 905 | _aAlejandra Carrasco M. | ||
| 942 | _cTESIS | ||
| 949 |
_aTesis _bBC _cTES _d1030221 _eTS1 _h44135 _i103022 _sb |
||
| 999 |
_c91486 _d91486 |
||